Statistics for European Geography by Letter - D

Click here to take the quiz!

General Stats

  • This quiz has been taken 176 times
  • The average score is 14 of 20

Answer Stats

HintAnswer% Correct
Greenland and the Faroe Islands are autonomous territories of this kingdomDenmark
100%
Capital of IrelandDublin
100%
Official language of the NetherlandsDutch
100%
River that flows through Vienna, Bratislava, Budapest, and BelgradeDanube
99%
German name for GermanyDeutschland
97%
Coastal region of Croatia (a dog breed is named after it)Dalmatia
91%
English town famous for its White CliffsDover
91%
Capital of the German state of North Rhine-WestphaliaDüsseldorf
90%
Fourth-longest river in Europe, flowing through Russia, Belarus, and UkraineDnieper
81%
Capital of the German state of SaxonyDresden
81%
Croatian city formerly known as Ragusa, known for its medieval architectureDubrovnik
73%
Ukrainian city annexed by Russia in 2022Donetsk
71%
Title for the head of state of the former Italian city states of Venice and Genoadoge
68%
German city that is the largest in the Ruhr metropolitan areaDortmund
67%
Capital of the Isle of ManDouglas
56%
Region of eastern Ukraine where the above is locatedDonbas
46%
Southernmost republic of RussiaDagestan
43%
River flowing through Ukraine and MoldovaDniester
43%
Mountain range in the BalkansDinaric Alps
23%
Confederacy of Ancient Greek city states led by Athens, which lost the Peloponnesian WarDelian League
15%

Score Distribution

Percentile by Number Answered

Percent of People with Each Score

Your Score History

You have not taken this quiz